Loading...
Science - Physics | 0 | 9 | 0 | 1 | 90 | 70 | 92.56 | 6 | 9 |
Science - Chemistry | 0 | 7 | 4 | 1 | 50 | 72 | 92.14 | 5 | 7 |
Science - Biology | 0 | 5 | 1 | 1 | 45 | 77 | 100.20 | 2 | 2 |
Science - Other Science | 0 | 4 | 0 | 0 | 40 | 73 | 96.00 | 1 | 4 |
Fine Arts - Other Fine Arts | 0 | 3 | 0 | 0 | 30 | 101 | 115.00 | 0 | 1 |
Fine Arts - Classical Music | 0 | 3 | 0 | 0 | 30 | 95 | 116.33 | 0 | 2 |
Social Science | 0 | 1 | 0 | 0 | 10 | 104 | 104.00 | 0 | 0 |
Fine Arts - Painting and Sculpture | 0 | 1 | 0 | 0 | 10 | 133 | 133.00 | 0 | 0 |
Literature - American Literature | 0 | 1 | 0 | 0 | 10 | 91 | 91.00 | 0 | 1 |
Literature - World Literature | 0 | 1 | 0 | 0 | 10 | 123 | 123.00 | 0 | 1 |
Philosophy | 0 | 0 | 0 | 0 | 0 | 0.00 | 0 | 0 | |
Literature - European Literature | 0 | 0 | 1 | 0 | -5 | 0.00 | 0 | 0 | |
Literature - British Literature | 0 | 0 | 1 | 0 | -5 | 0.00 | 0 | 0 |